| 000 | 00354nam a2200133Ia 4500 | ||
|---|---|---|---|
| 008 | 191201s2000 xx 000 0 und d | ||
| 100 | _aCHOUDHURY, Asim Kumar Roy | ||
| 245 | 0 | _aModern Concepts of Colour and Appearance | |
| 250 | _a1st | ||
| 260 |
_aN.Delhi _bOxford and IBM Publication _c2000 |
||
| 300 | _a326 | ||
| 650 | _aB.Tech(TE) | ||
| 942 |
_2ddc _cBK |
||
| 999 |
_c2557 _d2557 |
||